Statistics for Top 100 FIFA 20 ratings

Click here to take the quiz!

General Stats

  • This quiz has been taken 148 times
  • The average score is 73 of 100

Answer Stats

ClubPositionAnswer% Correct
BarcelonaRWMessi
100%
PSGLWNeymar
100%
Piemonte CalcioSTRonaldo
100%
LiverpoolRWSalah
99%
Manchester CityCAMDe Bruyne
98%
Tottenham HutsporSTKane
97%
PSGSTMbappe
97%
Real MadridCMModric
97%
Real MadridCBRamos
96%
BarcelonaSTSuarez
96%
LiverpoolCBVan Dijk
96%
Real MadridLWHazard
95%
LiverpoolLWMane
95%
Manchester CitySTAguero
94%
Bayern MünchenSTLewandowski
94%
LiverpoolGKAlisson
93%
Manchester UnitedGKDe Gea
93%
ChelseaCDMKante
93%
Bayern MünchenGKNeuer
93%
Atletico MadridGKOblak
93%
BarcelonaGKTer Stegen
93%
PSGSTCavani
92%
Manchester CityRWSterling
91%
ArsenalSTAubameyang
88%
Manchester CityCAMDavid Silva
88%
Real MadridCMKroos
88%
BarcelonaCBPique
88%
PSGCBThiago Silva
88%
Manchester CityGKEderson
87%
Tottenham HutsporGKLloris
87%
Manchester UnitedCMPogba
86%
Borussia DortmundCAMReus
86%
Piemonte CalcioCBChiellini
84%
BarcelonaCFGriezmann
84%
Real MadridCFBenzema
83%
Real MadridGKCourtois
83%
LiverpoolCFFirmino
83%
Borussia DortmundCBHummels
83%
Tottenham HutsporCFSon
80%
Piemonte CalcioCAMDybala
79%
Tottenham HutsporCAMEriksen
78%
Manchester CityCDMFernandinho
78%
NapoliCBKoulibaly
78%
Manchester CityLWSane
78%
Manchester CityRWBernardo Silva
77%
BarcelonaLBJordi Alba
76%
Real MadridGKNavas
76%
Tottenham HutsporCBVertonghen
76%
Piemonte CalcioCBBonucci
75%
Real MadridCDMCasemiro
73%
InterGKHandanovic
73%
InterCBGodin
72%
BarcelonaCDMSergio Busquets
72%
Bayern MünchenRBKimmich
71%
PSGRWDi Maria
70%
ArsenalSTLacazette
70%
Bayern MünchenCAMMuller
70%
LiverpoolLBRobertson
70%
Manchester CityCBLaporte
69%
Bayern MünchenLBAlaba
68%
LA GalaxySTIbrahimovic
68%
LazioSTImmobille
68%
Real MadridLBMarcelo
68%
NapoliCFMertens
68%
Bayern MünchenCMThiago
68%
BarcelonaCBUmtiti
68%
InterSTLukaku
67%
LiverpoolCDMFabinho
66%
BarcelonaCMRakitic
65%
Manchester CityCDMRodri
65%
MilanGKDonnarumma
64%
BarcelonaCMDe Jong
63%
Piemonte CalcioCBDe Ligt
63%
PSGSTIcardi
63%
NapoliCFInsigne
63%
PSGCBMarquinhos
63%
PSGCMVerratti
63%
Tottenham HutsporCBAlderweireld
62%
Atletico MadridCMKoke
56%
Bayern MünchenLWCoutinho
55%
Real MadridCMIsco
55%
Sporting CPCAMBruno Fernandes
54%
Bayern MünchenCBSule
54%
Piemonte CalcioLBAlex Sandro
53%
AtalantaCAMGomez
53%
Piemonte CalcioCMPjanic
53%
Piemonte CalcioCDMMatuidi
51%
AjaxCAMZiyech
51%
ValenciaCMParejo
48%
Atletico MadridCMSaul
48%
InterCBSkriniar
48%
Borussia DortmundCDMWitsel
45%
Piemonte CalcioGKSzczesny
43%
Atletico MadridCBGimenez
37%
LazioCMMilinkovic-Savic
37%
NapoliCMAllan
36%
NapoliCBManolas
33%
Real MadridCAMRodriguez
33%
Piemonte CalcioCBVarane
33%
Piemonte CalcioRBCarvajal
17%

Score Distribution

Percentile by Number Answered

Percent of People with Each Score

Your Score History

You have not taken this quiz